[Event "Scarborough CC-ch"]
[Site "Toronto"]
[Date "2012.03.22"]
[Round "1"]
[White "Armstrong, Robert J"]
[Black "Song, Lin"]
[Result "0-1"]
[WhiteElo "1683"]
[BlackElo "1901"]
[PlyCount "80"]
[EventDate "2012.03.22"]
[EventType "tourn"]
[EventRounds "9"]
[EventCountry "CAN"]
[SourceTitle "EXT 2022"]
[Source "ChessBase"]
[SourceDate "2021.10.06"]
[SourceVersion "1"]
[SourceVersionDate "2021.10.06"]
[SourceQuality "1"]

1. g3 Nf6 2. Bg2 g6 3. c4 Bg7 4. Qb3 Na6 5. d4 Rb8 6. Nc3 0-0 7. Bf4 Nh5 8. Be3 c6 9. h4 d6 10. Bf3 Nf6 11. h5 Ng4 12. Bxg4 Bxg4 13. hxg6 fxg6 14. Bh6 Rf7 15. f3 Bd7 16. Bxg7 Kxg7 17. Nh3 Bxh3 18. Rxh3 Qd7 19. g4 Nc7 20. Ne4 Ne6 21. 0-0-0 b6 22. Rdh1 Kg8 23. Qe3 d5 24. Ng5 Nxg5 25. Qxg5 dxc4 26. e3 Qe6 27. f4 Qf6 28. Qh6 e6 29. g5 Qg7 30. Qh4 Re7 31. Qg3 Qf8 32. Rh6 Rbb7 33. Qh2 Rg7 34. Qg2 Rbc7 35. Qc2 b5 36. a4 a6 37. axb5 axb5 38. Qh2 c5 39. Rxg6 hxg6 40. Qh8+ Kf7 0-1

[Event "Canadian op 48th U2000"]
[Site "Toronto"]
[Date "2011.07.15"]
[Round "7"]
[White "Thomson, Bruce"]
[Black "Armstrong, Robert J"]
[Result "0-1"]
[WhiteElo "1628"]
[BlackElo "1740"]
[PlyCount "56"]
[EventDate "2011.07.09"]
[EventType "swiss"]
[EventRounds "9"]
[EventCountry "CAN"]
[SourceTitle "EXT 2022"]
[Source "ChessBase"]
[SourceDate "2021.10.06"]
[SourceVersion "1"]
[SourceVersionDate "2021.10.06"]
[SourceQuality "1"]

1. d4 g6 2. Nf3 Bg7 3. g3 Nf6 4. Bg2 0-0 5. 0-0 d6 6. Bg5 h6 7. Be3 Nc6 8. Qc1 Kh7 9. c4 Ng4 10. Rd1 Nxe3 11. Qxe3 Bf5 12. a3 Re8 13. Nh4 Bg4 14. h3 Bd7 15. Ra2 e5 16. d5 Nd4 17. Nf3 Qc8 18. Kh2 f5 19. Nxd4 f4 20. Qd3 fxg3+ 21. fxg3 exd4 22. g4 Re3 23. Qc2 Qd8 24. Rf1 Qh4 25. Kg1 Rf8 26. Nd2 Rxe2 27. Rxf8 Bxf8 28. Nf3 Qf2+ 0-1

[Event "Canadian op 48th U2000"]
[Site "Toronto"]
[Date "2011.07.14"]
[Round "6"]
[White "Armstrong, Robert J"]
[Black "Gillis, Doug"]
[Result "1/2-1/2"]
[WhiteElo "1740"]
[BlackElo "1616"]
[PlyCount "68"]
[EventDate "2011.07.09"]
[EventType "swiss"]
[EventRounds "9"]
[EventCountry "CAN"]
[SourceTitle "EXT 2022"]
[Source "ChessBase"]
[SourceDate "2021.10.06"]
[SourceVersion "1"]
[SourceVersionDate "2021.10.06"]
[SourceQuality "1"]

1. d4 Nf6 2. c4 e6 3. Nf3 Bb4+ 4. Bd2 Qe7 5. a3 Bxd2+ 6. Qxd2 d5 7. e3 0-0 8. Nc3 dxc4 9. Bxc4 c5 10. 0-0 b6 11. Rfe1 Bb7 12. Rad1 Bxf3 13. gxf3 cxd4 14. Qxd4 Nc6 15. Qh4 Qc5 16. Kh1 Ne5 17. Be2 Ng6 18. Qh3 Rfd8 19. Rg1 Rd7 20. Rxd7 Nxd7 21. Bd3 Nf6 22. Ne4 Nxe4 23. Bxe4 Rd8 24. Bxg6 hxg6 25. b4 Qc3 26. Qh4 Rd7 27. a4 Qc6 28. Qf4 Qxa4 29. Qb8+ Kh7 30. Rg3 Qd1+ 31. Kg2 Rd8 32. Rh3+ Kg8 33. Qxa7 Qd6 34. Rh4 Rd7 1/2-1/2

[Event "Canadian op 48th U2000"]
[Site "Toronto"]
[Date "2011.07.11"]
[Round "3"]
[White "Zator, Ed"]
[Black "Armstrong, Robert J"]
[Result "1-0"]
[WhiteElo "1902"]
[BlackElo "1740"]
[PlyCount "53"]
[EventDate "2011.07.09"]
[EventType "swiss"]
[EventRounds "9"]
[EventCountry "CAN"]
[SourceTitle "EXT 2022"]
[Source "ChessBase"]
[SourceDate "2021.10.06"]
[SourceVersion "1"]
[SourceVersionDate "2021.10.06"]
[SourceQuality "1"]

1. e4 g6 2. d4 Bg7 3. Nc3 d6 4. Be3 Nf6 5. f3 0-0 6. Qd2 c6 7. Bh6 b5 8. 0-0-0 b4 9. Nce2 a5 10. Bxg7 Kxg7 11. g4 Na6 12. h4 c5 13. h5 Ng8 14. Ng3 Qc7 15. Bc4 e6 16. hxg6 fxg6 17. g5 d5 18. Qh2 Kh8 19. exd5 exd5 20. Bxd5 Qf4+ 21. Kb1 Ra7 22. Nh3 Bxh3 23. Qxh3 cxd4 24. Ne4 Qxf3 25. Qe6 Qf5 26. Qb6 Rc7 27. Qxd4+ 1-0

[Event "Canadian op 48th U2000"]
[Site "Toronto"]
[Date "2011.07.09"]
[Round "1"]
[White "Song, Eric"]
[Black "Armstrong, Robert J"]
[Result "1/2-1/2"]
[WhiteElo "1488"]
[BlackElo "1740"]
[PlyCount "71"]
[EventDate "2011.07.09"]
[EventType "swiss"]
[EventRounds "9"]
[EventCountry "CAN"]
[SourceTitle "EXT 2022"]
[Source "ChessBase"]
[SourceDate "2021.10.06"]
[SourceVersion "1"]
[SourceVersionDate "2021.10.06"]
[SourceQuality "1"]

1. e4 g6 2. d4 Bg7 3. Nf3 d6 4. h3 Nf6 5. Nc3 0-0 6. Bc4 Nxe4 7. Nxe4 d5 8. Bxd5 Qxd5 9. Nc3 Qa5 10. 0-0 Nd7 11. Re1 e6 12. a3 b5 13. Bd2 Qb6 14. Ne2 Bb7 15. Bb4 Bxf3 16. gxf3 Rfe8 17. Bc3 Rad8 18. Qc1 Nf6 19. Rd1 a5 20. b4 Qc6 21. Kg2 Nd5 22. Bd2 e5 23. c3 e4 24. fxe4 Rxe4 25. Kf1 Rde8 26. Re1 Qe6 27. Ng3 Rxe1+ 28. Bxe1 Qxh3+ 29. Kg1 Bh6 30. Bd2 Bxd2 31. Qxd2 Qg4 32. Re1 Rxe1+ 33. Qxe1 Kf8 34. bxa5 Qf3 35. Ne2 h5 36. a6 1/2-1/2